<?xml version="1.0" encoding="UTF-8"?><?xml-stylesheet type="text/xsl" href="static/style.xsl"?><OAI-PMH xmlns="http://www.openarchives.org/OAI/2.0/" xmlns:xsi="http://www.w3.org/2001/XMLSchema-instance" xsi:schemaLocation="http://www.openarchives.org/OAI/2.0/ http://www.openarchives.org/OAI/2.0/OAI-PMH.xsd"><responseDate>2026-05-17T00:20:33Z</responseDate><request verb="GetRecord" identifier="oai:repisalud.isciii.es:20.500.12105/23459" metadataPrefix="marc">https://repisalud.isciii.es/rest/oai/request</request><GetRecord><record><header><identifier>oai:repisalud.isciii.es:20.500.12105/23459</identifier><datestamp>2024-11-28T20:23:32Z</datestamp><setSpec>com_20.500.12105_15322</setSpec><setSpec>com_20.500.12105_2051</setSpec><setSpec>col_20.500.12105_16967</setSpec></header><metadata><record xmlns="http://www.loc.gov/MARC21/slim" xmlns:dcterms="http://purl.org/dc/terms/" xmlns:doc="http://www.lyncode.com/xoai" xmlns:xsi="http://www.w3.org/2001/XMLSchema-instance" xsi:schemaLocation="http://www.loc.gov/MARC21/slim http://www.loc.gov/standards/marcxml/schema/MARC21slim.xsd">
   <leader>00925njm 22002777a 4500</leader>
   <datafield ind2=" " ind1=" " tag="042">
      <subfield code="a">dc</subfield>
   </datafield>
   <datafield ind2=" " ind1=" " tag="720">
      <subfield code="a">Santopolo, Giulia</subfield>
      <subfield code="e">author</subfield>
   </datafield>
   <datafield ind2=" " ind1=" " tag="720">
      <subfield code="a">Clemente, Antonio</subfield>
      <subfield code="e">author</subfield>
   </datafield>
   <datafield ind2=" " ind1=" " tag="720">
      <subfield code="a">Rojo Molinero, Estrella</subfield>
      <subfield code="e">author</subfield>
   </datafield>
   <datafield ind2=" " ind1=" " tag="720">
      <subfield code="a">Fernández, Sara</subfield>
      <subfield code="e">author</subfield>
   </datafield>
   <datafield ind2=" " ind1=" " tag="720">
      <subfield code="a">Álvarez, María Concepción</subfield>
      <subfield code="e">author</subfield>
   </datafield>
   <datafield ind2=" " ind1=" " tag="720">
      <subfield code="a">Oliver, Antonio</subfield>
      <subfield code="e">author</subfield>
   </datafield>
   <datafield ind2=" " ind1=" " tag="720">
      <subfield code="a">de la Rica, Roberto</subfield>
      <subfield code="e">author</subfield>
   </datafield>
   <datafield ind2=" " ind1=" " tag="260">
      <subfield code="c">2022-11-17</subfield>
   </datafield>
   <datafield ind2=" " ind1=" " tag="520">
      <subfield code="a">Background: Phenotyping sputum-resident leukocytes and evaluating their functional status are essential analyses for exploring the cellular basis of pathological processes in the lungs, and flow cytometry is widely recognized as the gold-standard technique to address them. However, sputum-resident leukocytes are found in respiratory samples which need to be liquefied prior to cytometric analysis. Traditional liquefying procedures involve the use of a reducing agent such as dithiothreitol (DTT) in temperature-controlled conditions, which does not homogenize respiratory samples efficiently and impairs cell viability and functionality. Methods: Here we propose an enzymatic method that rapidly liquefies samples by means of generating O2 bubbles with endogenous catalase. Sputum specimens from patients with suspected pulmonary infection were treated with DTT, the enzymatic method or PBS. We used turbidimetry to compare the liquefaction degree and cell counts were determined using a hemocytometer. Finally, we conducted a comparative flow cytometry study for evaluating frequencies of sputum-resident neutrophils, eosinophils and lymphocytes and their activation status after liquefaction. Results: Enzymatically treated samples were better liquefied than those treated with DTT or PBS, which resulted in a more accurate cytometric analysis. Frequencies of all cell subsets analyzed within liquefied samples were comparable between liquefaction methods. However, the gentle cell handling rendered by the enzymatic method improves cell viability and retains in vivo functional characteristics of sputum-resident leukocytes (with regard to HLA-DR, CD63 and CD11b expression). Conclusion: In conclusion, the proposed enzymatic liquefaction method improves the cytometric analysis of respiratory samples and leaves the cells widely untouched for properly addressing functional analysis of lung leukocytes.</subfield>
   </datafield>
   <datafield ind1="8" ind2=" " tag="024">
      <subfield code="a">Santopolo G, Clemente A, Rojo-Molinero E, Fernández S, Álvarez MC, Oliver A, et al. Improved cytometric analysis of untouched lung leukocytes by enzymatic liquefaction of sputum samples. Biol Proced Online. 2022 Nov 17;24(1):17.</subfield>
   </datafield>
   <datafield ind1="8" ind2=" " tag="024">
      <subfield code="a">10.1186/s12575-022-00181-z</subfield>
   </datafield>
   <datafield ind1="8" ind2=" " tag="024">
      <subfield code="a">1480-9222</subfield>
   </datafield>
   <datafield ind1="8" ind2=" " tag="024">
      <subfield code="a">Biological procedures online</subfield>
   </datafield>
   <datafield ind1="8" ind2=" " tag="024">
      <subfield code="a">http://hdl.handle.net/20.500.13003/18591</subfield>
   </datafield>
   <datafield ind1="8" ind2=" " tag="024">
      <subfield code="a">36396988</subfield>
   </datafield>
   <datafield ind1="8" ind2=" " tag="024">
      <subfield code="a">L2020133668</subfield>
   </datafield>
   <datafield ind1="8" ind2=" " tag="024">
      <subfield code="a">2-s2.0-85142138997</subfield>
   </datafield>
   <datafield ind1="8" ind2=" " tag="024">
      <subfield code="a">https://hdl.handle.net/20.500.12105/23459</subfield>
   </datafield>
   <datafield ind1="8" ind2=" " tag="024">
      <subfield code="a">885724200001</subfield>
   </datafield>
   <datafield ind2="0" ind1="0" tag="245">
      <subfield code="a">Improved cytometric analysis of untouched lung leukocytes by enzymatic liquefaction of sputum samples</subfield>
   </datafield>
</record></metadata></record></GetRecord></OAI-PMH>